书目信息 |
| 题名: |
名画在左 科学在右
|
|
| 作者: | 林凤生 著 | |
| 分册: | ||
| 出版信息: | 上海 上海科技教育出版社 2018.08 |
|
| 页数: | 338页 | |
| 开本: | 23cm | |
| 丛书名: | ||
| 单 册: | ||
| 中图分类: | J205.1-53 | |
| 科图分类: | ||
| 主题词: | 绘画评论--hui hua ping lun--世界--文集 | |
| 电子资源: | ||
| ISBN: | 978-7-5428-6778-0 | |
| 000 | 01078nam0 2200253 450 | |
| 001 | 202019135517 | |
| 005 | 20191007123107.0 | |
| 010 | @a978-7-5428-6778-0@dCNY68.00 | |
| 100 | @a20191004d2018 em y0chiy50 ea | |
| 101 | 0 | @achi |
| 102 | @aCN@b310000 | |
| 105 | @aa a 001yy | |
| 106 | @ar | |
| 200 | 1 | @a名画在左 科学在右@Aming hua zai zuo ke xue zai you@f林凤生著 |
| 210 | @a上海@c上海科技教育出版社@d2018.08 | |
| 215 | @a338页@c彩图@d23cm | |
| 314 | @a林凤生, 上海大学退休教授, 《自然杂志》编审, 高级记者。 | |
| 320 | @a有书目 (第333-335页) 和索引 | |
| 330 | @a本书围绕100余幅脍炙人口的世界名画, 以科学视角进行解读, 不仅对名画表达的科学内容、蕴含的科学思想进行了阐述和分析, 还对画家创作时的构思和创意, 采用的技术和手段, 脑科学、神经科学、人体解剖学、光学、色彩学、透视等科学方法在绘画技法中的应用, 以及观者在欣赏画作时的视觉神经活动、大脑和心理变化进行了探讨和解读。 | |
| 606 | 0 | @a绘画评论@Ahui hua ping lun@y世界@j文集 |
| 690 | @aJ205.1-53@v5 | |
| 701 | 0 | @a林凤生@Alin feng sheng@4著 |
| 801 | 0 | @aCN@c20190905 |
| 905 | @a河南城建学院图书馆@dJ205.1-53@eL496 | |
| 名画在左 科学在右/林凤生著.-上海:上海科技教育出版社,2018.08 |
| 338页:彩图;23cm |
| ISBN 978-7-5428-6778-0:CNY68.00 |
| 本书围绕100余幅脍炙人口的世界名画, 以科学视角进行解读, 不仅对名画表达的科学内容、蕴含的科学思想进行了阐述和分析, 还对画家创作时的构思和创意, 采用的技术和手段, 脑科学、神经科学、人体解剖学、光学、色彩学、透视等科学方法在绘画技法中的应用, 以及观者在欣赏画作时的视觉神经活动、大脑和心理变化进行了探讨和解读。 |
| ● |
| 相关链接 |
|
|
|
正题名:名画在左 科学在右
索取号:J205.1-53/L496
 
预约/预借
| 序号 | 登录号 | 条形码 | 馆藏地/架位号 | 状态 | 备注 |
| 1 | 1444386 | 214443869 | 社科库309/309社科库 67排2列1层/ [索取号:J205.1-53/L496] | 在馆 | |
| 2 | 1444387 | 214443878 | 社科库309/309社科库 67排2列1层/ [索取号:J205.1-53/L496] | 在馆 | |
| 3 | 1444388 | 214443887 | 社科库309/309社科库 67排2列1层/ [索取号:J205.1-53/L496] | 在馆 |